000 00697nam a2200241 a 4500
001 000044141
003 DO-SdBNP
005 20180327113324.0
007 000044141
008 140602s2013 dr a 000 0 spa d
020 _a9789945883169
040 _aBPMET
_bspa
_cBPMET
100 1 _aHallal, Farah
245 1 0 _aSábado de ranas /
_cFarah Hallal ; ilustraciones Makuc Lucy.
260 _aSanto Domingo :
_bAlfaguara Infantil,
_c2013.
300 _a43 p. :
_bil. ;
_c20 cm.
490 _aAfagura infantil
700 1 2 _aMakuc Lucy
_eil.
830 _pAfaguara infantil
942 _2ddc
_cBK
945 _aRemanejado para la BNPHU / 2018 VM
956 _aVMATEO
_b10
_c20150501
_lBPMSU
_h00151
999 _c7773
_d7773